01205 a2200181 45000010006000000050017000060080041000230030015000640400040000790800093001192450067002120200022002792640044003013000022003455050618003670410008009851000030009936110220260407155902.0260407a1985 arg spa dAR-UNSa-BCEJYS aAR-UNSa-BCEJYSbspacAR-UNSa-BCEJYS a35.076xDeberes y competencias de los organismos públicos (Responsabilidad del estado)10aLos derechos públicos subjetivos y la participación social a978-950-14-0256-8 1aBuenos Aires :bEdiciones Depalmac1985 ax, 248 p.c23 cm. a1. Los derechos públicos subjetivos como instrumento de participación social – 2. Variables teóricas para la fundamentación de los derechos públicos subjetivos – 3. La proyección social de los derechos públicos subjetivos – 4. Los derechos públicos subjetivos y la protección de los intereses difusos – 5. La recepción en el derecho argentino de la doctrina de los derechos públicos subjetivos – 6. Los derechos públicos subjetivos y su manifestación en el dominio público – 7. El control del ejercicio discrecional del poder por medio de los derechos públicos subjetivos aspa1 aQuiroga Lavié, Humberto